000 00409nam a2200181Ia 4500
008 210210b xxu||||| |||| 00| 0 eng d
041 _aeng
082 _a829/319
100 _aDIVER (Maud)
245 _aCandles in the wind
260 _aEdinburgh
_bWilliam Blackwood and Sons
_c
650 _awind
650 _athe
650 _ain
650 _aCandles
690 _aEnglish Fiction
906 _a016924
999 _c136844
_d136844